000 00734nam a22002297a 4500
999 _c5638
_d5638
003 AR-CdUCM
008 190313b ||||| |||| 00| 0 spa d
040 _aMUNICIPALIDAD PROVINCIAL DEL CUSCO
_cBIBLIOTECA MUNICIPAL DEL CUSCO
082 _a119.61 /
_bER71
100 _aErasmo
_916842
245 _aElogio de la Locura :
_bEncomium Moriae /
260 _aBuenos Aires :
_bSopena ;
_c1941.
300 _a126 páginas ;
_c22cm
440 _aColección Universo
_916843
505 _aContenido: Ensayos filosóficos
650 _aAspectos religiosos
_916844
650 _aCristianismo
_96458
650 _aFilosofía renacentista
_96876
700 _aAlvarez, F. L. (traducción)
_916845
942 _2ddc
_cLIBROS
945 _anom